000 00427nab a2200145Ia 4500
003 ES-SlBCS
005 20210601131724.0
008 140529s1952 xxu||||| |||| 00| 0 fre d
041 _afre
100 1 _aBrown, Janine
_9188298
245 0 0 _aDésordre social et engagement personnel
_c Janine Brown
650 0 4 _aDesorden Social
_9188299
773 0 _tVie Intelectuelle (La)
_gnº. 10, 1952, págs. 109-112
_wRev907
942 _cAR
999 _c567651
_d567651